<?xml version="1.0" encoding="UTF-8"?>
<record
    xmlns:xsi="http://www.w3.org/2001/XMLSchema-instance"
    xsi:schemaLocation="http://www.loc.gov/MARC21/slim http://www.loc.gov/standards/marcxml/schema/MARC21slim.xsd"
    xmlns="http://www.loc.gov/MARC21/slim">

  <leader>00573nam a2200145Ia 4500</leader>
  <controlfield tag="008">220530s9999    xx            000 0 und d</controlfield>
  <datafield tag="041" ind1=" " ind2=" ">
    <subfield code="a">eng</subfield>
  </datafield>
  <datafield tag="082" ind1=" " ind2=" ">
    <subfield code="a">621:050</subfield>
  </datafield>
  <datafield tag="100" ind1=" " ind2=" ">
    <subfield code="a">ISTE</subfield>
    <subfield code="9">58442</subfield>
  </datafield>
  <datafield tag="245" ind1=" " ind2=" ">
    <subfield code="a">Indian Society for Technical Education &amp; The Institute of Electronics and Telecommunication Engineers News Letters</subfield>
    <subfield code="b">Volume 32 ( April 2012 to November 2013) &amp; Volume 16  &amp; 17( May 2014 to April 2015)</subfield>
  </datafield>
  <datafield tag="260" ind1=" " ind2=" ">
    <subfield code="a">New  Delhi</subfield>
    <subfield code="b">ISTE &amp; IETE</subfield>
    <subfield code="c">2012</subfield>
  </datafield>
  <datafield tag="300" ind1=" " ind2=" ">
    <subfield code="b">HB</subfield>
    <subfield code="b">Volume 32 Issue No.4 to 11 &amp; Volume 16 &amp; 17 Issue No.2 to 3 &amp; 1</subfield>
  </datafield>
  <datafield tag="700" ind1=" " ind2=" ">
    <subfield code="a"> IETE</subfield>
    <subfield code="9">58443</subfield>
  </datafield>
  <datafield tag="906" ind1=" " ind2=" ">
    <subfield code="a">0</subfield>
  </datafield>
  <datafield tag="999" ind1=" " ind2=" ">
    <subfield code="c">52599</subfield>
    <subfield code="d">52599</subfield>
  </datafield>
  <datafield tag="952" ind1=" " ind2=" ">
    <subfield code="0">0</subfield>
    <subfield code="1">0</subfield>
    <subfield code="4">0</subfield>
    <subfield code="7">0</subfield>
    <subfield code="a">CEWN</subfield>
    <subfield code="b">CEWN</subfield>
    <subfield code="d">2015-10-17</subfield>
    <subfield code="e">Laxmi Art &amp; Binding Works</subfield>
    <subfield code="l">0</subfield>
    <subfield code="o">621:050/ </subfield>
    <subfield code="p">CEWN-BV-293</subfield>
    <subfield code="r">2022-05-30 00:00:00</subfield>
    <subfield code="w">2022-05-30</subfield>
    <subfield code="y">BV</subfield>
    <subfield code="z">J00293</subfield>
  </datafield>
</record>
